LEADER 02274nam 2200685Ia 450 001 9910457660003321 005 20200520144314.0 010 $a1-283-22385-6 010 $a9786613223852 010 $a0-252-09098-5 035 $a(CKB)2550000000089225 035 $a(OCoLC)785781174 035 $a(CaPaEBR)ebrary10532328 035 $a(SSID)ssj0000543429 035 $a(PQKBManifestationID)11365413 035 $a(PQKBTitleCode)TC0000543429 035 $a(PQKBWorkID)10532045 035 $a(PQKB)11260046 035 $a(MiAaPQ)EBC3413856 035 $a(MdBmJHUP)muse23801 035 $a(Au-PeEL)EBL3413856 035 $a(CaPaEBR)ebr10532328 035 $a(CaONFJC)MIL322385 035 $a(OCoLC)923493066 035 $a(EXLCZ)992550000000089225 100 $a20070727d2008 ub 0 101 0 $aeng 135 $aurcn||||||||| 181 $ctxt 182 $cc 183 $acr 200 10$aDark Victorians$b[electronic resource] /$fVanessa D. Dickerson 210 $aUrbana $cUniversity of Illinois Press$dc2008 215 $a1 online resource (177 p.) 300 $aBibliographic Level Mode of Issuance: Monograph 311 $a0-252-03256-X 320 $aIncludes bibliographical references (p. [143]-153) and index. 606 $aAfrican Americans$xRelations with British$xHistory 606 $aAfrican Americans$zGreat Britain$xHistory$y19th century 606 $aAfrican Americans$xIntellectual life$y19th century 606 $aAfrican Americans$xAttitudes$xHistory$y19th century 606 $aBritish$xAttitudes$xHistory$y19th century 606 $aTransnationalism 607 $aGreat Britain$xIntellectual life$y19th century 608 $aElectronic books. 615 0$aAfrican Americans$xRelations with British$xHistory. 615 0$aAfrican Americans$xHistory 615 0$aAfrican Americans$xIntellectual life 615 0$aAfrican Americans$xAttitudes$xHistory 615 0$aBritish$xAttitudes$xHistory 615 0$aTransnationalism. 676 $a305.800941 700 $aDickerson$b Vanessa D.$f1955-$0553110 801 0$bMiAaPQ 801 1$bMiAaPQ 801 2$bMiAaPQ 906 $aBOOK 912 $a9910457660003321 996 $aDark Victorians$92077752 997 $aUNINA LEADER 02133nam 2200541 a 450 001 9910452610203321 005 20200520144314.0 010 $a0-8108-9155-7 035 $a(CKB)2550000001113104 035 $a(EBL)1357639 035 $a(OCoLC)857277748 035 $a(SSID)ssj0000981437 035 $a(PQKBManifestationID)12425086 035 $a(PQKBTitleCode)TC0000981437 035 $a(PQKBWorkID)10971793 035 $a(PQKB)10084427 035 $a(MiAaPQ)EBC1357639 035 $a(Au-PeEL)EBL1357639 035 $a(CaPaEBR)ebr10750052 035 $a(CaONFJC)MIL512969 035 $a(EXLCZ)992550000001113104 100 $a20130906d2013 uy 0 101 0 $aeng 135 $aur|n|---||||| 181 $ctxt 182 $cc 183 $acr 200 12$aA thesaurus of medical word roots$b[electronic resource]$fHorace Gerald Danner 210 $aLanham, Md. $cScarecrow Press$dc2013 215 $a1 online resource (645 p.) 300 $aDescription based upon print version of record. 311 $a0-8108-9154-9 311 $a1-299-81718-1 320 $aIncludes bibliographical references. 327 $aA Thesaurus of Medical Word Roots; Table of Contents; Thesaurus; Appendix A - English to Roots; Appendix B - Prefixes; Appendix C - Suffixes; List of Works Consulted 330 $aDr. Horace Gerald Danner's A Thesaurus of Medical Word Roots is a compendium of the most-used word roots of the medical and health-care professions. All word roots are listed alphabetically, along with the Greek or Latin words from which they derive, together with the roots' original meanings. If the current meaning of an individual root differs from the original meaning, that is listed in a separate column. 606 $aMedicine$xTerminology$xEnglish 608 $aElectronic books. 615 0$aMedicine$xTerminology$xEnglish. 676 $a610.1/4 700 $aDanner$b Horace G$0923465 801 0$bMiAaPQ 801 1$bMiAaPQ 801 2$bMiAaPQ 906 $aBOOK 912 $a9910452610203321 996 $aA thesaurus of medical word roots$92072305 997 $aUNINA